| 000 | 01679nac a22003970a 4500 | ||
|---|---|---|---|
| 001 | PT3178 | ||
| 003 | AR-LpoUNG | ||
| 005 | 20210201004815.0 | ||
| 008 | 201001s1996||||mx |||||||||||||||||spa d | ||
| 020 |
_a9681618017 _c$11 |
||
| 040 |
_aAR-LpoUNG _bspa _eaacr |
||
| 041 | _aspa | ||
| 044 | _amx | ||
| 082 | 0 | _a909 931v2 | |
| 100 | 1 | _aTurner, Ralph | |
| 245 | 1 | 4 |
_aLas grandes culturas de la humanidad : _blos imperios clásicos |
| 250 | _a1º edición, 6º reimp | ||
| 260 |
_aMéxico, D. F. : _bFondo de Cultura Económica, _c1996. |
||
| 300 |
_a1306 p. : _bgráfs. _a(2 _fVolúmenes) _3Impreso |
||
| 490 | 0 | _aLas grandes culturas de la humanidad | |
| 520 | _aEn este tomo el autor se encuentra con un cruce de caminos, porque debe dicernir qué es lo asiático y qué lo europeo: es el imperio macedónico y la cultura de los vencidos, iranios y hebreos. También los pueblos lejanos del oriente resienten este contacto imperialista, ampliado aún más con la hegemonía de Roma y resuelto en un cambio total que ya venía vislumbrándose desde los tiempos helénicos: el cristianismo. Y continúa el proceso hasta que el Imperio se desmorona y decaen las culturas urbanas tradicionales en Asia y Europa. | ||
| 650 | 4 | _aANTROPOLOGIA | |
| 650 | 4 | _aANTROPOLOGIA SOCIAL Y CULTURAL | |
| 650 | 4 | _aCIVILIZACION | |
| 650 | 4 | _aCULTURA | |
| 650 | 4 | _aDERECHO ROMANO | |
| 650 | 4 | _aHISTORIA | |
| 650 | 4 | _aINVESTIGACION HISTORICA | |
| 650 | 4 | _aSOCIOLOGIA URBANA | |
| 651 | 4 | _aDOCUMENTOS TEORICOS O METODOLOGICOS | |
| 653 | _aANTROPOLOGIA URBANA | ||
| 700 | 1 |
_aDelpiane, Francisco A. _etr. |
|
| 700 | 1 |
_aIglesia, Ramón _etr. |
|
| 905 | _a3178 | ||
| 942 | _cLIB | ||
| 999 |
_c47583 _d47583 |
||